000 002780000a22000970004500
100 1 _aShaw, R. Daniel
245 1 0 _aContextualizing the power and the glory
300 _aVol. 12, Núm 3 (1995), Páginas 155-160
773 0 _tInternational Journal of Frontier Misions
942 _cANA
999 _c55294
_d55294